Aditio nuda voluntate
Uloženo v:
| Hlavní autor: | |
|---|---|
| Médium: | Kniha |
| Jazyk: | španělština |
| Vydáno: |
Zaragoza
Mira
1995
|
| Témata: | |
| Tagy: |
Přidat tag
Žádné tagy, Buďte první, kdo vytvoří štítek k tomuto záznamu!
|
MARC
| LEADER | 00000nam a2200000 a 4500 | ||
|---|---|---|---|
| 001 | UCP4881 | ||
| 003 | CL-VaPUC | ||
| 008 | 990821e19950000SP |||||||||||||||||spa|d | ||
| 082 | 0 | 4 | |a 346.05 |b CAL |2 21 |
| 100 | 0 | |a Calzada González, Aránzazu |e author |9 432852 | |
| 245 | 1 | 0 | |a Aditio nuda voluntate |
| 246 | 1 | 3 | |a La aceptación de la herencia en el derecho romano |
| 300 | |a 164 p | ||
| 942 | |c BK | ||
| 945 | |d 19990821 00:00:00 |a vberengu | ||
| 260 | |a Zaragoza |b Mira |c 1995 | ||
| 650 | 7 | |a DERECHO HEREDITARIO |2 CL-VaPUC |9 432853 | |
| 650 | 0 | |a Derecho romano |9 255930 | |
| 650 | 0 | |a Derecho sucesorio |9 255015 | |
| 650 | 0 | |a Derecho sucesorio (Derecho romano) |9 872235 | |
| 650 | 0 | |a Herederos |9 357054 | |
| 650 | 0 | |a Herencia |9 256325 | |
| 583 | |a last modification |c 19990821 00:00:00 |k Rodrigo Vera | ||
| 999 | |c 282774 |d 282772 | ||
| 952 | |0 0 |1 0 |4 0 |6 346_050000000000000_CAL_1995 |7 0 |8 DER_ROM |9 325160 |a BIBDER |b BIBDER |d 2019-11-20 |i 3535967 |l 1 |o 346.05 CAL 1995 |p 3535967 |r 2023-01-25 |s 2020-03-19 |w 2019-11-20 |x Ubicación 4to piso |y BK |z Este recurso debe solicitarse con anticipación |k DER | ||
| 952 | |0 0 |1 0 |4 0 |6 346_050000000000000_CAL_1995 |7 0 |8 A |9 325161 |a BIBDER |b BIBDER |d 2019-11-20 |i 372834K |o 346.05 CAL 1995 |p 372834K |r 2023-01-25 |w 2019-11-20 |y BK |k DER | ||